000
00161nam a2200073Ia 4500
008
170817s9999 xx 000 0 und d
100
_a
ZANAIDE A.
245
0
_a
BEDIC INDIA
260
_b
COSMO PUB.
999
_c
36821
_d
36821